Szczegóły MARC21

"...ce qu'il me faut, c'est l'homme entier..." : oeuvres choisies /

005 -DATA I CZAS OSTATNIEJ MODYFIKACJI [,]
    • @
    • pole kontrolne
    • 20070315155141.9
040 -Instytucja sporządzająca opis [ , ]
    • a
    • Instytucja, która sporządziła opis (NP)
    • SZCZ U
    • c
    • Instytucja, która sporządziła rekord (NP)
    • SZCZ U
041 -Język dokumentu [0, ]
    • a
    • Język tekstu (P)
    • francuski
    • h
    • Język tekstu oryginalnego i/lub pośredniego (P)
    • francuski
942 -Rodzaj dokumentu [ , ]
    • c
    • Rodzaj dokumentu
    • Książka
100 -Hasło główne - nazwa osobowa [ , ]
    • a
    • Nazwa osobowa (NP)
    • ROLLAND, ROMAIN
245 -Strefa tytułu i oznaczenia odpowiedzialności [1, ]
    • a
    • Tytuł
    • "...ce qu'il me faut, c'est l'homme entier..." : Find
    • b
    • Ciąg dalszy tytułu (NP)
    • oeuvres choisies / Find
    • c
    • Pozostałe elementy strefy tytułu i oznaczenia odpowiedzialności (NP)
    • Romain Rolland ; [sost. i predisl. V. P. Balasova].
260 -Strefa adresu wydawniczego [ , ]
    • a
    • Miejsce wydania (P)
    • Moscou :
    • b
    • Nazwa wydawcy (P)
    • Editions du Progres,
    • c
    • Data wydania (P)
    • 1979.
300 -Strefa opisu fizycznego [ , ]
    • a
    • Określenie formy książki i/lub objętość (NP)
    • 378 s. :
    • b
    • Oznaczenie ilustracji (NP)
    • fot. :
    • c
    • Format (NP)
    • 21 cm.
500 -Uwaga ogólna [ , ]
    • a
    • Uwaga ogólna (NP)
    • Zawiera obszerny wstęp w jęz. ros
080 -Uniwersalna Klasyfikacja Dziesiętna [ , ]
    • a
    • Symbol klasyfikacji
    • [840-4+840-32+840-6=40
080 -Uniwersalna Klasyfikacja Dziesiętna [ , ]
    • a
    • Symbol klasyfikacji
    • +840(091)"19"Rolland R.=82
980 -Symbol UKD [ , ]
    • a
    • UKD
    • [840-4+840-32+840-6]=40+840(091)"19"Rolland R.=82
700 -Hasło dodatkowe - nazwa osobowa [ , ]
    • a
    • Nazwa osobowa (NP)
    • Balasov Viktor Petrovic Find
Numer inwentarzowy Status udost. Lokalizacja Data inwentaryzacji
JK.2281BG2002-11-22